Bài tập thủy lực chọn lọc

Trang bị cho sinh viên kiến thức, kĩ năng cần thiết để ứng dụng lí thuyết vào giải những bài tập thuỷ lực tương đối khó một cách chọn lọc. Giới thiệu một số bài tập chọn lọc giúp sinh viên tự đánh giá năng lực bản thân....

全面介绍

Đã lưu trong:
书目详细资料
主要作者: Phùng, Văn Khương
格式: 图书
语言:Undetermined
出版: Hà Nội Xây dựng 2010
主题:
标签: 添加标签
没有标签, 成为第一个标记此记录!
Thư viện lưu trữ: Trung tâm Học liệu Trường Đại học Cần Thơ
LEADER 00991nam a2200205Ia 4500
001 CTU_168540
008 210402s9999 xx 000 0 und d
020 |c 53000 
082 |a 532.076 
082 |b Kh561 
100 |a Phùng, Văn Khương 
245 0 |a Bài tập thủy lực chọn lọc 
245 0 |c Phùng Văn Khương, Phạm Văn Vĩnh 
260 |a Hà Nội 
260 |b Xây dựng 
260 |c 2010 
520 |a Trang bị cho sinh viên kiến thức, kĩ năng cần thiết để ứng dụng lí thuyết vào giải những bài tập thuỷ lực tương đối khó một cách chọn lọc. Giới thiệu một số bài tập chọn lọc giúp sinh viên tự đánh giá năng lực bản thân. 
650 |a Fluid mechanics,Hydraulics,Thủy lực,Cơ học chất lỏng 
904 |i Ánh Vân, Bạch Trúc 
980 |a Trung tâm Học liệu Trường Đại học Cần Thơ